The noble scholar, jurist, historian


 His Excellency Dr. Abdul Wahhab bin Ibrahim Abu Sulaiman, may Allah have mercy on him.


 He was born in Umm Al-Qura in the year 1356 AH.

كتاب الجنايات من الحاوي الكبير للإمام أبي الحسن علي بن محمد الماوردي المتوفى سنة 450 هـ (Record no. 13578)

MARC details
000 -LEADER
fixed length control field 01524ctm a22002891a 4500
003 - CONTROL NUMBER IDENTIFIER
control field SA-RiAUC
005 - DATE AND TIME OF LATEST TRANSACTION
control field 20251218122156.0
007 - PHYSICAL DESCRIPTION FIXED FIELD--GENERAL INFORMATION
fixed length control field co ug ---uuauu         
008 - FIXED-LENGTH DATA ELEMENTS--GENERAL INFORMATION
fixed length control field 251215s1984 su fsbm 00000 ara c
040 ## - CATALOGING SOURCE
Original cataloging agency SA-JeALM
Language of cataloging ara
Transcribing agency SA-RiAUC
Description conventions rda
082 04 - DEWEY DECIMAL CLASSIFICATION NUMBER
Classification number 255
Assigning agency SA-RiAUC
090 ## - LOCALLY ASSIGNED LC-TYPE CALL NUMBER (OCLC); LOCAL CALL NUMBER (RLIN)
Classification number (OCLC) (R) ; Classification number, CALL (RLIN) (NR) ر 255
Local cutter number (OCLC) ; Book number/undivided call number, CALL (RLIN) ج ر د
100 1# - MAIN ENTRY--PERSONAL NAME
Personal name الجردي، يحيى أحمد مطاعن،
Dates associated with a name 1370 هجري-
245 10 - TITLE STATEMENT
Title كتاب الجنايات من الحاوي الكبير للإمام أبي الحسن علي بن محمد الماوردي المتوفى سنة 450 هـ
Medium [ملف كمبيوتر] /
Statement of responsibility, etc. يحيى أحمد مطاعن الجردي ؛ إشراف محمود عبد الدائم علي.
260 ## - PUBLICATION, DISTRIBUTION, ETC.
Date of publication, distribution, etc. 1984
264 ## - PRODUCTION, PUBLICATION, DISTRIBUTION, MANUFACTURE, AND COPYRIGHT NOTICE
Place of production, publication, distribution, manufacture مكة المكرمة :
Name of producer, publisher, distributor, manufacturer جامعة أم القرى،
Date of production, publication, distribution, manufacture, or copyright notice 1984
300 ## - PHYSICAL DESCRIPTION
Extent مجلد؛
Dimensions 30 سم.
500 ## - GENERAL NOTE
General note أطروحة (دكتوراه)-جامعة أم القرى، كلية الشريعة، قسم الفقه والأصول، 1984.
502 ## - DISSERTATION NOTE
Dissertation note أطروحة (دكتوراه)-جامعة أم القرى، كلية الشريعة، قسم الفقه والأصول، 1984.
504 ## - BIBLIOGRAPHY, ETC. NOTE
Bibliography, etc. note يشتمل على إرجاعات ببليوجرافية.
650 #7 - SUBJECT ADDED ENTRY--TOPICAL TERM
Topical term or geographic name entry element الجنايات (فقه إسلامي)
Source of heading or term aucsh
700 12 - ADDED ENTRY--PERSONAL NAME
Personal name الماوردي، علي بن محمد بن حبيب،
Dates associated with a name 364-450 هجري
700 ## - ADDED ENTRY--PERSONAL NAME
Personal name علي, محمود عبد الدائم.
Relator term إشراف
740 22 - ADDED ENTRY--UNCONTROLLED RELATED/ANALYTICAL TITLE
Uncontrolled related/analytical title الحاوي الكبير.
942 ## - ADDED ENTRY ELEMENTS (KOHA)
Source of classification or shelving scheme Dewey Decimal Classification
Koha item type رسالة علمية
Suppress in OPAC No
949 ## - LOCAL PROCESSING INFORMATION (OCLC)
a SA-JeALM
d 251215
u mohamedma123
n 1
Holdings
Withdrawn status Lost status Source of classification or shelving scheme Materials specified (bound volume or other part) Damaged status Not for loan Home library Current library Date acquired Total checkouts Full call number Barcode Date last seen Price effective from Koha item type
    Dewey Decimal Classification الجزء الاول     DR AbdElwahab Library DR AbdElwahab Library 12/18/2025   ر 255 ج ر د 000021754 12/18/2025 12/18/2025 رسالة علمية
    Dewey Decimal Classification الجزء الاول ( أ )     DR AbdElwahab Library DR AbdElwahab Library 12/18/2025   ر 255 ج ر د 000021755 12/18/2025 12/18/2025 رسالة علمية
    Dewey Decimal Classification الجزء الثاني     DR AbdElwahab Library DR AbdElwahab Library 12/18/2025   ر 255 ج ر د 000021756 12/18/2025 12/18/2025 رسالة علمية
    Dewey Decimal Classification الجزء الثاني ( أ )     DR AbdElwahab Library DR AbdElwahab Library 12/18/2025   ر 255 ج ر د 000021757 12/18/2025 12/18/2025 رسالة علمية